| 000 | 01053nam a22002775a 4500 | ||
|---|---|---|---|
| 005 | 20201128021141.0 | ||
| 008 | 141210t2010 enka frd 001 0 eng d | ||
| 020 | _a9780273729846 | ||
| 040 |
_aEG-ScBUE _beng _cEG-ScBUE _dEG-ScBUE |
||
| 082 | 0 | 4 |
_222 _a332.632 _bCAH |
| 100 | 1 |
_aCahill, Michael, _936860 _d1962- |
|
| 245 | 1 | 4 |
_aThe financial times guide to making the right investment decisions : _bhow to analyse companies and value shares / _cMichael Cahill. |
| 246 | 3 | 4 |
_aFinancial times guides : _bmaking the right investment decisions : how to analyse companies and value shares |
| 250 | _a2nd ed. | ||
| 260 |
_aHarlow : _bFinancial Times Prentice Hall, _c2010. |
||
| 300 |
_axvii, 350 p. : _bill. ; _c23 cm. |
||
| 490 | 0 | _aFinancial Times series. | |
| 500 | _aGlossary : p. 323-339. | ||
| 500 | _aIndex : p. 341-350. | ||
| 650 | 7 |
_91288 _a Investment analysis. _2BUEsh |
|
| 650 | 7 |
_aCorporations _xValuation. _91291 _2BUEsh |
|
| 651 | _2BUEsh | ||
| 653 |
_bBUSADM _cDecember2014 |
||
| 653 |
_bBUSECO _cAugust 2016 |
||
| 942 |
_2ddc _k332.632 CAH |
||
| 999 |
_c18748 _d18720 |
||